000 01643nam a2200265 a 4500
003 AM-YEHGA
001 1230416
005 20250618075939.0
008 171207s1902 ru b||||r|||||001|0|rus||
040 _aAM-YeHGA
041 0 _arus
100 1 _aКареев, Николай Иванович
245 1 0 _aПолитическая история Франции в XIX веке :
_b(Правительственные формы и внутренняя политика, политические партии и общественные классы) /
_cН.И. Кареев.
246 1 3 _aПолитическая исторiя Францiи в XIX вѣкѣ
260 _aСанкт-Петербург :
_bТип. Брокгауз-Ефрон,
_c1902.
300 _a[2], VI, 300 с., 1 л. карт. ;
_c24 см.
490 1 _aИстория Европы по эпохам и странам в средние века и новое время / Изд. под ред. Н.И. Кареева и И.В. Лучицкого
504 _aБиблиогр.: "Указатель книг и статей на русском языке по истории Франции в XIX веке" (с. 296-300)
650 1 4 _aՀամաշխարհային պատմություն
_95843
650 1 4 _aИстория Франции
653 0 _aПолитическая история - Франция
830 0 _aИстория Европы по эпохам и странам в средние века и новое время / Изд. под ред. Н.И. Кареева и И.В. Лучицкого
942 _2udc
_cBK
090 _c515801
999 _c512289
_d512289